000 01419nam a22004097a 4500
001 000095209
003 CHAP
005 20251203142814.0
008 060213d2005 mx r 001 0 spa
010 _a91675
011 _a92647
035 _a103212
040 _cCHAP
090 _aTesis
100 1 _aEspinoza Altamirano, David
245 1 0 _aAlternativas para el control de dos especies de pulgones y mosca blanca en el cultivo de brócoli (Brassica oleracea var. italica L.) en Mixquic, Tláhuac, D.F. /
_cpor David Espinoza Altamirano.
264 _aChapingo, Méx. :
_bEl autor,
_c2005.
300 _a71 h. :
_bilus.
502 _aTesis (Ing. Agr. Esp. en Parasitología Agrícola) -- UACH. Departamento de Parasitología Agrícola
590 _aALEPH
_b10
_c20130110
590 _aBATCH-UPD
_b10
_c20130110
590 _aBATCH-UPD
_b10
_c20130410
590 _aBATCH-UPD
_b10
_c20130410
590 _aBATCH-UPD
_b10
_c20130914
590 _aCONVERSION
_b10
_c20130109
590 _aE11695DGD
_b10
_c20160506
650 1 4 _aBrócoli
_xMéxico (D.F.)
650 1 4 _aBrócoli
_xPlagas
_xControl.
650 1 4 _aInsecticidas.
901 _aBK
905 _aAlejandra Carrasco M.
942 _cFOLL
_2ddc
942 _2ddc
942 _n0
949 _aTesis
_bBC
_cTES
_d00000001032121
_eTS1
_gDonaciØn
_h44502
_i103212
_sb
949 _aTesis
_bBC
_cTES
_d33724000991485
_eTS2
_fc.2
_gDonaciØn
_h44503
_i103212
_si
999 _c91675
_d91675